[Event "DEM U12 2025"]
[Site "Willingen GER"]
[Date "2025.06.11"]
[Round "6"]
[White "Gersemann, Karl"]
[Black "Andersen, Jonathan"]
[Result "0-1"]
[Termination "normal"]
[Board "3"]
[WhiteElo "1982"]
[BlackElo "1787"]
[WhiteClock "00:14:08"]
[BlackClock "00:40:51"]
[PlyCount "120"]
[WhiteFideId "34602186"]
[BlackFideId "34623884"]
[EventCountry "GER"]
[EventRounds "9"]
[EventType "swiss"]
[EventDate "2025.06.07"]

1. Nf3 {[%clk 01:30:54]} {[%emt 00:00:03]} Nf6 {[%clk 01:30:56]} {[%emt
00:00:06]} 2. g3 {[%clk 01:31:16]} {[%emt 00:00:07]} g6 {[%clk 01:31:22]}
{[%emt 00:00:05]} 3. Bg2 {[%clk 01:31:40]} {[%emt 00:00:04]} c5 {[%clk
01:31:44]} {[%emt 00:00:10]} 4. O-O {[%clk 01:32:01]} {[%emt 00:00:08]} d5
{[%clk 01:31:52]} {[%emt 00:00:23]} 5. d3 {[%clk 01:32:23]} {[%emt 00:00:08]}
Bg7 {[%clk 01:32:16]} {[%emt 00:00:06]} 6. Nbd2 {[%clk 01:32:37]} {[%emt
00:00:14]} Nc6 {[%clk 01:32:24]} {[%emt 00:00:24]} 7. a4 {[%clk 01:32:52]}
{[%emt 00:00:15]} b6 {[%clk 01:29:52]} {[%emt 00:03:03]} 8. e4 {[%clk
01:32:23]} {[%emt 00:00:56]} Bb7 {[%clk 01:29:39]} {[%emt 00:00:45]} 9. c3
{[%clk 01:32:27]} {[%emt 00:00:25]} e6 {[%clk 01:28:33]} {[%emt 00:01:37]} 10.
Qc2 {[%clk 01:32:02]} {[%emt 00:00:54]} O-O {[%clk 01:27:34]} {[%emt 00:01:30]}
11. Re1 {[%clk 01:32:21]} {[%emt 00:00:10]} Qc7 {[%clk 01:27:32]} {[%emt
00:00:33]} 12. h4 {[%clk 01:30:35]} {[%emt 00:02:15]} Rad8 {[%clk 01:25:06]}
{[%emt 00:02:58]} 13. Nf1 {[%clk 01:28:12]} {[%emt 00:02:52]} dxe4 {[%clk
01:21:18]} {[%emt 00:04:19]} 14. dxe4 {[%clk 01:28:33]} {[%emt 00:00:07]} Ba6
{[%clk 01:21:35]} {[%emt 00:00:14]} 15. Bg5 {[%clk 01:23:21]} {[%emt 00:05:41]}
Bd3 {[%clk 01:19:45]} {[%emt 00:02:21]} 16. Qc1 {[%clk 01:23:32]} {[%emt
00:00:18]} Rd7 {[%clk 01:07:40]} {[%emt 00:12:36]} 17. N3h2 {[%clk 01:19:47]}
{[%emt 00:04:14]} Na5 {[%clk 01:06:43]} {[%emt 00:01:29]} 18. Nd2 {[%clk
01:19:33]} {[%emt 00:00:43]} h6 {[%clk 01:06:26]} {[%emt 00:00:48]} 19. Bxf6
{[%clk 01:19:33]} {[%emt 00:00:29]} Bxf6 {[%clk 01:06:53]} {[%emt 00:00:03]}
20. Ng4 {[%clk 01:18:42]} {[%emt 00:01:20]} Bg7 {[%clk 01:07:15]} {[%emt
00:00:09]} 21. f4 {[%clk 01:17:35]} {[%emt 00:01:36]} Rfd8 {[%clk 01:05:24]}
{[%emt 00:02:22]} 22. Ra2 {[%clk 01:05:38]} {[%emt 00:12:27]} c4 {[%clk
00:49:42]} {[%emt 00:16:13]} 23. Ne3 {[%clk 00:52:05]} {[%emt 00:14:00]} f5
{[%clk 00:40:13]} {[%emt 00:10:01]} 24. e5 {[%clk 00:50:40]} {[%emt 00:01:55]}
g5 {[%clk 00:37:50]} {[%emt 00:02:53]} 25. Kh2 {[%clk 00:49:28]} {[%emt
00:01:41]} Kh7 {[%clk 00:35:44]} {[%emt 00:02:37]} 26. Bf3 {[%clk 00:41:09]}
{[%emt 00:08:48]} Rg8 {[%clk 00:27:37]} {[%emt 00:08:38]} 27. Ng2 {[%clk
00:35:17]} {[%emt 00:06:21]} g4 {[%clk 00:27:56]} {[%emt 00:00:12]} 28. Bd1
{[%clk 00:35:22]} {[%emt 00:00:25]} Rgd8 {[%emt 00:07:42]} 29. b4 {[%clk
00:32:56]} cxb3 {[%clk 00:23:46]} {[%emt 00:00:25]} 30. Bxb3 {[%clk 00:31:48]}
{[%emt 00:01:38]} Nxb3 {[%clk 00:23:15]} {[%emt 00:01:01]} 31. Nxb3 {[%clk
00:32:10]} {[%emt 00:00:07]} Bc4 {[%clk 00:23:28]} {[%emt 00:00:18]} 32. Rb2
{[%clk 00:31:21]} {[%emt 00:01:19]} Bxb3 {[%clk 00:23:43]} {[%emt 00:00:15]}
33. Rxb3 {[%clk 00:31:41]} {[%emt 00:00:10]} Qc4 {[%clk 00:24:00]} {[%emt
00:00:14]} 34. Rb4 {[%clk 00:31:29]} {[%emt 00:00:42]} Qa2 {[%clk 00:22:51]}
{[%emt 00:01:39]} 35. Qb2 {[%clk 00:28:37]} {[%emt 00:03:20]} Qxb2 {[%clk
00:22:57]} {[%emt 00:00:25]} 36. Rxb2 {[%clk 00:29:01]} {[%emt 00:00:06]} Rc8
{[%clk 00:23:10]} {[%emt 00:00:18]} 37. Rc1 {[%clk 00:27:29]} {[%emt 00:02:00]}
Bf8 {[%clk 00:22:33]} {[%emt 00:01:09]} 38. Rcc2 {[%clk 00:27:05]} {[%emt
00:00:53]} Rc4 {[%clk 00:22:32]} {[%emt 00:00:32]} 39. a5 {[%clk 00:26:39]}
{[%emt 00:00:56]} bxa5 {[%clk 00:22:15]} {[%emt 00:00:47]} 40. Rd2 {[%clk
00:25:18]} {[%emt 00:01:51]} Rdc7 {[%clk 00:20:28]} {[%emt 00:02:16]} 41. Rd8
{[%clk 00:22:16]} {[%emt 00:03:31]} Kg7 {[%clk 00:18:08]} {[%emt 00:02:51]} 42.
Rbb8 {[%clk 00:22:28]} {[%emt 00:00:18]} Rf7 {[%clk 00:18:31]} {[%emt
00:00:07]} 43. Re8 {[%clk 00:19:28]} {[%emt 00:03:31]} Rc6 {[%clk 00:18:49]}
{[%emt 00:00:11]} 44. Rbc8 {[%clk 00:15:52]} {[%emt 00:04:05]} Rxc8 {[%clk
00:18:14]} {[%emt 00:01:05]} 45. Rxc8 {[%clk 00:16:15]} {[%emt 00:00:06]} a4
{[%clk 00:16:36]} {[%emt 00:02:09]} 46. Rc6 {[%clk 00:16:27]} {[%emt 00:00:17]}
a3 {[%clk 00:17:02]} {[%emt 00:00:06]} 47. Rxe6 {[%clk 00:15:45]} {[%emt
00:01:11]} a5 {[%clk 00:17:10]} {[%emt 00:00:23]} 48. Ra6 {[%clk 00:15:57]}
{[%emt 00:00:17]} Rc7 {[%clk 00:16:17]} {[%emt 00:01:23]} 49. Ne3 {[%clk
00:22:57]} {[%emt 00:23:29]} Rxc3 {[%clk 00:43:09]} {[%emt 00:03:39]} 50. Nxf5+
{[%clk 00:23:16]} {[%emt 00:00:10]} Kg8 {[%clk 00:42:41]} {[%emt 00:00:59]} 51.
Rxa5 {[%clk 00:14:37]} {[%emt 00:09:09]} Rc2+ {[%clk 00:42:53]} {[%emt
00:00:18]} 52. Kg1 {[%clk 00:14:48]} {[%emt 00:00:18]} a2 {[%clk 00:43:18]}
{[%emt 00:00:07]} 53. e6 {[%clk 00:15:02]} {[%emt 00:00:15]} Bc5+ {[%clk
00:41:17]} {[%emt 00:02:30]} 54. Kf1 {[%clk 00:15:10]} {[%emt 00:00:20]} Rc1+
{[%clk 00:41:44]} {[%emt 00:00:07]} 55. Ke2 {[%clk 00:15:34]} {[%emt 00:00:05]}
a1=Q {[%clk 00:42:05]} {[%emt 00:00:10]} 56. Rxa1 {[%clk 00:15:51]} {[%emt
00:00:12]} Rxa1 {[%clk 00:42:32]} {[%emt 00:00:04]} 57. Nxh6+ {[%clk 00:16:10]}
{[%emt 00:00:10]} Kf8 {[%clk 00:41:20]} {[%emt 00:01:42]} 58. Nxg4 {[%clk
00:16:29]} {[%emt 00:00:09]} Ke7 {[%clk 00:41:10]} {[%emt 00:00:43]} 59. f5
{[%clk 00:16:29]} {[%emt 00:00:28]} Ra3 {[%clk 00:40:34]} {[%emt 00:01:07]} 60.
Ne5 {[%clk 00:14:08]} {[%emt 00:02:50]} Re3+ {[%clk 00:40:51]} {[%emt
00:00:15]} 0-1

[Event "DEM U12 2025"]
[Site "Willingen GER"]
[Date "2025.06.11"]
[Round "6"]
[White "Steinbrenner, Peter"]
[Black "Li, Yunqi"]
[Result "1/2-1/2"]
[Termination "normal"]
[Board "4"]
[WhiteElo "1908"]
[BlackElo "2124"]
[WhiteClock "00:26:33"]
[BlackClock "00:14:28"]
[PlyCount "51"]
[WhiteFideId "34645535"]
[BlackFideId "34610618"]
[EventCountry "GER"]
[EventRounds "9"]
[EventType "swiss"]
[EventDate "2025.06.07"]

1. b4 {[%clk 01:30:50]} {[%emt 00:00:09]} e5 {[%clk 01:30:15]} {[%emt
00:00:46]} 2. Bb2 {[%clk 01:31:07]} {[%emt 00:00:13]} Bxb4 {[%clk 01:30:35]}
{[%emt 00:00:10]} 3. Bxe5 {[%clk 01:31:20]} {[%emt 00:00:16]} Nf6 {[%clk
01:31:01]} {[%emt 00:00:05]} 4. c3 {[%clk 01:31:20]} {[%emt 00:00:30]} Be7
{[%clk 01:30:40]} {[%emt 00:00:52]} 5. e3 {[%clk 01:31:22]} {[%emt 00:00:28]}
O-O {[%clk 01:28:47]} {[%emt 00:02:23]} 6. d4 {[%clk 01:31:00]} {[%emt
00:00:52]} d5 {[%clk 01:28:29]} {[%emt 00:00:49]} 7. Bxf6 {[%clk 01:31:07]}
{[%emt 00:00:22]} Bxf6 {[%clk 01:28:52]} {[%emt 00:00:07]} 8. Bd3 {[%clk
01:31:14]} {[%emt 00:00:23]} c5 {[%clk 01:28:23]} {[%emt 00:00:59]} 9. Ne2
{[%clk 01:30:03]} {[%emt 00:01:41]} Nc6 {[%clk 01:23:47]} {[%emt 00:05:06]} 10.
O-O {[%clk 01:25:57]} {[%emt 00:04:36]} a6 {[%clk 01:10:26]} {[%emt 00:13:52]}
11. Nd2 {[%clk 01:18:24]} {[%emt 00:08:02]} Be6 {[%clk 01:05:20]} {[%emt
00:05:35]} 12. Rb1 {[%clk 01:13:42]} {[%emt 00:05:13]} b5 {[%clk 01:04:19]}
{[%emt 00:01:31]} 13. a3 {[%clk 00:57:04]} {[%emt 00:17:09]} Qe7 {[%clk
00:59:41]} {[%emt 00:05:07]} 14. Nf4 {[%clk 00:50:54]} {[%emt 00:06:39]} c4
{[%clk 00:42:41]} {[%emt 00:17:30]} 15. Bc2 {[%clk 00:47:31]} {[%emt 00:03:53]}
Qxa3 {[%clk 00:42:22]} {[%emt 00:00:49]} 16. Nxe6 {[%clk 00:40:06]} {[%emt
00:07:55]} fxe6 {[%clk 00:42:37]} {[%emt 00:00:15]} 17. Qh5 {[%clk 00:39:55]}
{[%emt 00:00:40]} h6 {[%clk 00:42:31]} {[%emt 00:00:37]} 18. Qg4 {[%clk
00:39:27]} {[%emt 00:00:58]} Rfe8 {[%clk 00:39:55]} {[%emt 00:03:06]} 19. Rbc1
{[%emt 00:04:49]} b4 {[%clk 00:26:24]} {[%emt 00:13:59]} 20. cxb4 {[%clk
00:31:35]} {[%emt 00:04:05]} Nxb4 {[%clk 00:25:58]} {[%emt 00:00:56]} 21. Bg6
{[%clk 00:31:24]} {[%emt 00:00:40]} Re7 {[%clk 00:26:24]} {[%emt 00:00:04]} 22.
Ra1 {[%clk 00:27:41]} {[%emt 00:04:13]} Qc3 {[%clk 00:19:44]} {[%emt 00:07:10]}
23. Rfc1 {[%clk 00:26:07]} {[%emt 00:02:05]} Qxd2 {[%clk 00:19:14]} {[%emt
00:01:00]} 24. Rd1 {[%clk 00:26:32]} {[%emt 00:00:05]} Qb2 {[%clk 00:16:40]}
{[%emt 00:03:04]} 25. Rdb1 {[%clk 00:26:11]} {[%emt 00:00:51]} Qd2 {[%clk
00:14:28]} {[%emt 00:02:42]} 26. Rd1 {[%clk 00:26:33]} {[%emt 00:00:08]}
1/2-1/2

[Event "DEM U12 2025"]
[Site "Willingen GER"]
[Date "2025.06.11"]
[Round "6"]
[White "Kottage, Nilash Nethul"]
[Black "Shen, Tingrui"]
[Result "1/2-1/2"]
[Termination "normal"]
[Board "5"]
[WhiteElo "1526"]
[BlackElo "2101"]
[WhiteClock "00:30:38"]
[BlackClock "00:11:53"]
[PlyCount "92"]
[WhiteFideId "29935768"]
[BlackFideId "34603441"]
[EventCountry "GER"]
[EventRounds "9"]
[EventType "swiss"]
[EventDate "2025.06.07"]

1. c4 {[%clk 01:30:53]} {[%emt 00:00:07]} e5 {[%clk 01:30:30]} {[%emt
00:00:30]} 2. Nc3 {[%clk 01:31:17]} {[%emt 00:00:06]} Nf6 {[%clk 01:30:36]}
{[%emt 00:00:24]} 3. e4 {[%clk 01:30:54]} {[%emt 00:00:53]} Nc6 {[%clk
01:28:38]} {[%emt 00:02:28]} 4. g3 {[%clk 01:29:41]} {[%emt 00:01:43]} Bc5
{[%clk 01:26:34]} {[%emt 00:02:34]} 5. d3 {[%clk 01:29:21]} {[%emt 00:00:50]}
d6 {[%clk 01:26:23]} {[%emt 00:00:41]} 6. h3 {[%clk 01:29:33]} {[%emt
00:00:18]} a5 {[%clk 01:25:58]} {[%emt 00:00:55]} 7. Bg2 {[%clk 01:27:46]}
{[%emt 00:02:17]} h6 {[%clk 01:23:53]} {[%emt 00:02:35]} 8. Nge2 {[%clk
01:27:26]} {[%emt 00:00:50]} g5 {[%clk 01:18:38]} {[%emt 00:05:44]} 9. a3
{[%clk 01:22:00]} {[%emt 00:05:57]} Be6 {[%clk 01:11:33]} {[%emt 00:07:35]} 10.
Nd5 {[%clk 01:19:03]} {[%emt 00:03:27]} Bxd5 {[%clk 01:06:16]} {[%emt
00:05:46]} 11. cxd5 {[%clk 01:17:04]} {[%emt 00:02:29]} Nd4 {[%clk 01:05:37]}
{[%emt 00:01:09]} 12. Nxd4 {[%clk 01:06:52]} {[%emt 00:10:44]} Bxd4 {[%clk
01:05:44]} {[%emt 00:00:22]} 13. O-O {[%clk 01:06:23]} {[%emt 00:00:59]} Qe7
{[%clk 00:57:09]} {[%emt 00:09:05]} 14. Kh2 {[%clk 01:03:47]} {[%emt 00:03:04]}
Nd7 {[%clk 00:48:22]} {[%emt 00:09:18]} 15. Qc2 {[%clk 01:01:03]} {[%emt
00:03:14]} a4 {[%clk 00:34:57]} {[%emt 00:13:55]} 16. Be3 {[%clk 00:54:22]}
{[%emt 00:07:12]} Bc5 {[%clk 00:27:10]} {[%emt 00:08:17]} 17. Rad1 {[%clk
00:53:32]} {[%emt 00:01:20]} O-O {[%clk 00:18:48]} {[%emt 00:08:51]} 18. d4
{[%clk 00:46:54]} {[%emt 00:07:09]} exd4 {[%clk 00:14:41]} {[%emt 00:04:36]}
19. Bxd4 {[%clk 00:47:19]} {[%emt 00:00:06]} Bxd4 {[%clk 00:13:15]} {[%emt
00:01:56]} 20. Rxd4 {[%clk 00:47:48]} Nc5 {[%emt 00:02:04]} 21. f4 {[%clk
00:46:33]} f6 {[%clk 00:11:36]} {[%emt 00:02:20]} 22. Qe2 {[%clk 00:45:08]}
{[%emt 00:01:52]} Rae8 {[%clk 00:10:25]} {[%emt 00:01:43]} 23. Re1 {[%clk
00:44:24]} {[%emt 00:01:13]} Qg7 {[%clk 00:09:02]} {[%emt 00:01:54]} 24. Bf3
{[%clk 00:40:26]} {[%emt 00:04:28]} Re7 {[%clk 00:07:04]} {[%emt 00:02:28]} 25.
Qc2 {[%clk 00:38:19]} {[%emt 00:02:30]} b6 {[%clk 00:05:37]} {[%emt 00:02:05]}
26. Rdd1 {[%clk 00:29:27]} {[%emt 00:09:22]} Kh8 {[%clk 00:05:07]} {[%emt
00:00:59]} 27. Bg4 {[%clk 00:28:25]} {[%emt 00:01:32]} Rg8 {[%clk 00:03:58]}
{[%emt 00:01:40]} 28. fxg5 {[%clk 00:20:31]} {[%emt 00:08:25]} Qxg5 {[%clk
00:01:44]} {[%emt 00:02:43]} 29. Qg2 {[%clk 00:15:59]} {[%emt 00:05:02]} Reg7
{[%clk 00:01:23]} {[%emt 00:00:50]} 30. Rf1 {[%clk 00:13:01]} {[%emt 00:03:29]}
Re7 {[%clk 00:00:58]} {[%emt 00:00:56]} 31. Rde1 {[%clk 00:11:03]} {[%emt
00:02:28]} Re5 {[%clk 00:00:48]} {[%emt 00:00:40]} 32. Rf5 {[%clk 00:07:00]}
{[%emt 00:04:33]} Rxf5 {[%clk 00:00:52]} {[%emt 00:00:26]} 33. Bxf5 {[%clk
00:07:07]} {[%emt 00:00:23]} Re8 {[%clk 00:00:49]} {[%emt 00:00:33]} 34. Qe2
{[%clk 00:05:07]} {[%emt 00:02:30]} Rg8 {[%clk 00:00:41]} {[%emt 00:00:37]} 35.
Qe3 {[%clk 00:04:02]} {[%emt 00:01:34]} Re8 {[%clk 00:00:53]} {[%emt 00:00:19]}
36. Qxg5 {[%clk 00:04:00]} {[%emt 00:00:33]} hxg5 {[%clk 00:01:07]} {[%emt
00:00:15]} 37. Re3 {[%clk 00:04:00]} {[%emt 00:00:30]} Kg7 {[%clk 00:01:11]}
{[%emt 00:00:26]} 38. Kg2 {[%clk 00:04:12]} {[%emt 00:00:16]} Rb8 {[%clk
00:00:43]} {[%emt 00:01:00]} 39. h4 {[%clk 00:03:39]} {[%emt 00:01:04]} b5
{[%clk 00:01:00]} {[%emt 00:00:13]} 40. hxg5 {[%clk 00:01:55]} {[%emt
00:02:14]} fxg5 {[%clk 00:01:17]} {[%emt 00:00:12]} 41. e5 {[%clk 00:01:23]}
{[%emt 00:01:03]} b4 {[%clk 00:21:26]} {[%emt 00:10:21]} 42. e6 {[%clk
00:30:55]} {[%emt 00:00:58]} bxa3 {[%clk 00:20:31]} {[%emt 00:01:24]} 43. bxa3
{[%clk 00:30:38]} {[%emt 00:00:47]} Kf6 {[%clk 00:11:53]} {[%emt 00:09:08]} 44.
Bg4 {[%emt 00:01:21]} Rb3 {[%emt 00:00:03]} 45. Re2 {[%emt 00:00:01]} Ke7
{[%emt 00:00:06]} 46. Rf2 {[%emt 00:00:01]} Kf6 {[%emt 00:00:08]} 1/2-1/2

[Event "DEM U12 2025"]
[Site "Willingen GER"]
[Date "2025.06.11"]
[Round "6"]
[White "Fadeev, Justin Michael"]
[Black "Retzlaff, Nick"]
[Result "1-0"]
[Termination "normal"]
[Board "6"]
[WhiteElo "2060"]
[BlackElo "1790"]
[WhiteClock "00:34:46"]
[BlackClock "00:13:54"]
[PlyCount "127"]
[WhiteFideId "34602968"]
[BlackFideId "34610367"]
[EventCountry "GER"]
[EventRounds "9"]
[EventType "swiss"]
[EventDate "2025.06.07"]

1. e4 {[%clk 01:30:55]} {[%emt 00:00:04]} c5 {[%clk 01:30:56]} {[%emt
00:00:04]} 2. Nf3 {[%clk 01:31:22]} {[%emt 00:00:03]} d6 {[%clk 01:31:23]}
{[%emt 00:00:03]} 3. d4 {[%clk 01:31:48]} {[%emt 00:00:04]} cxd4 {[%clk
01:31:49]} {[%emt 00:00:03]} 4. Nxd4 {[%clk 01:32:14]} {[%emt 00:00:04]} Nf6
{[%clk 01:32:15]} {[%emt 00:00:04]} 5. Nc3 {[%clk 01:32:40]} {[%emt 00:00:04]}
a6 {[%clk 01:32:42]} {[%emt 00:00:04]} 6. Be3 {[%clk 01:33:04]} {[%emt
00:00:05]} e5 {[%clk 01:33:00]} {[%emt 00:00:12]} 7. Nf3 {[%clk 01:33:27]}
{[%emt 00:00:07]} Be7 {[%clk 01:33:26]} {[%emt 00:00:05]} 8. Bc4 {[%clk
01:33:46]} {[%emt 00:00:10]} O-O {[%clk 01:33:51]} {[%emt 00:00:05]} 9. O-O
{[%clk 01:34:10]} {[%emt 00:00:06]} Be6 {[%clk 01:34:19]} {[%emt 00:00:02]} 10.
Bb3 {[%clk 01:34:08]} {[%emt 00:00:32]} b5 {[%clk 01:34:41]} {[%emt 00:00:09]}
11. Re1 {[%clk 01:28:59]} {[%emt 00:05:39]} Qc8 {[%clk 01:33:27]} {[%emt
00:01:43]} 12. Nd5 {[%clk 01:24:38]} {[%emt 00:04:51]} Nxd5 {[%clk 01:33:49]}
{[%emt 00:00:08]} 13. Bxd5 {[%clk 01:24:50]} {[%emt 00:00:18]} Bxd5 {[%clk
01:34:12]} {[%emt 00:00:07]} 14. Qxd5 {[%clk 01:25:10]} {[%emt 00:00:11]} Nd7
{[%clk 01:34:28]} {[%emt 00:00:14]} 15. c3 {[%clk 01:19:04]} {[%emt 00:06:36]}
Nf6 {[%clk 01:24:34]} {[%emt 00:10:23]} 16. Qd3 {[%clk 01:17:42]} {[%emt
00:01:46]} Qc6 {[%clk 01:21:01]} {[%emt 00:04:08]} 17. Bg5 {[%clk 01:15:29]}
{[%emt 00:02:43]} Rfd8 {[%clk 01:17:54]} {[%emt 00:03:37]} 18. Bxf6 {[%clk
01:11:25]} {[%emt 00:04:33]} Bxf6 {[%clk 01:18:13]} {[%emt 00:00:12]} 19. Rad1
{[%clk 01:10:56]} {[%emt 00:00:59]} Rac8 {[%clk 01:16:23]} {[%emt 00:02:20]}
20. h3 {[%clk 01:02:28]} {[%emt 00:08:58]} Qc4 {[%clk 01:06:52]} {[%emt
00:10:01]} 21. a3 {[%clk 01:00:58]} {[%emt 00:02:00]} Qxd3 {[%clk 01:03:10]}
{[%emt 00:04:12]} 22. Rxd3 {[%clk 01:01:17]} {[%emt 00:00:09]} h5 {[%clk
01:02:11]} {[%emt 00:01:30]} 23. Red1 {[%clk 00:59:06]} {[%emt 00:02:41]} Rc6
{[%clk 01:01:30]} {[%emt 00:01:11]} 24. h4 {[%clk 00:58:14]} {[%emt 00:01:22]}
Kf8 {[%clk 00:59:47]} {[%emt 00:02:12]} 25. g3 {[%clk 00:55:04]} {[%emt
00:03:41]} Ke7 {[%clk 00:58:45]} {[%emt 00:01:32]} 26. Nd2 {[%clk 00:51:38]}
{[%emt 00:03:55]} g6 {[%clk 00:50:08]} {[%emt 00:09:08]} 27. Nf1 {[%clk
00:48:54]} {[%emt 00:03:13]} Ke6 {[%clk 00:46:08]} {[%emt 00:04:31]} 28. Ne3
{[%clk 00:48:44]} {[%emt 00:00:40]} Be7 {[%clk 00:44:38]} {[%emt 00:02:00]} 29.
Kg2 {[%clk 00:47:12]} {[%emt 00:02:03]} f5 {[%clk 00:44:11]} {[%emt 00:00:56]}
30. f3 {[%clk 00:40:39]} {[%emt 00:07:03]} Rdc8 {[%clk 00:35:41]} {[%emt
00:09:00]} 31. Nd5 {[%clk 00:36:50]} {[%emt 00:04:20]} fxe4 {[%clk 00:24:57]}
{[%emt 00:11:14]} 32. fxe4 {[%clk 00:37:12]} {[%emt 00:00:07]} Rf8 {[%clk
00:22:56]} {[%emt 00:02:31]} 33. Rf3 {[%clk 00:34:28]} {[%emt 00:03:14]} Rxf3
{[%clk 00:19:08]} {[%emt 00:04:18]} 34. Kxf3 {[%clk 00:34:43]} {[%emt
00:00:16]} Rc8 {[%clk 00:17:31]} {[%emt 00:02:05]} 35. Ke2 {[%clk 00:29:54]}
{[%emt 00:05:17]} Rc4 {[%clk 00:16:06]} {[%emt 00:01:58]} 36. Ke3 {[%clk
00:28:10]} {[%emt 00:02:14]} Rc8 {[%clk 00:12:52]} {[%emt 00:03:44]} 37. Rf1
{[%clk 00:27:23]} {[%emt 00:01:18]} Rc6 {[%clk 00:11:56]} {[%emt 00:01:25]} 38.
Nb4 {[%clk 00:26:36]} {[%emt 00:01:19]} Rb6 {[%clk 00:11:30]} {[%emt 00:00:56]}
39. Nd5 {[%clk 00:27:00]} {[%emt 00:00:06]} Rc6 {[%clk 00:11:54]} {[%emt
00:00:06]} 40. Ra1 {[%clk 00:26:26]} {[%emt 00:01:04]} Bd8 {[%clk 00:02:16]}
{[%emt 00:10:07]} 41. a4 {[%clk 00:23:17]} {[%emt 00:03:41]} bxa4 {[%clk
00:28:58]} {[%emt 00:03:47]} 42. Rxa4 {[%clk 00:53:05]} {[%emt 00:00:42]} a5
{[%clk 00:27:43]} {[%emt 00:01:45]} 43. Kd3 {[%clk 00:52:08]} {[%emt 00:01:27]}
Rc5 {[%clk 00:27:04]} {[%emt 00:01:09]} 44. b4 {[%clk 00:47:31]} {[%emt
00:05:08]} axb4 {[%clk 00:25:04]} {[%emt 00:02:29]} 45. cxb4 {[%clk 00:45:28]}
{[%emt 00:02:33]} Rc1 {[%clk 00:18:22]} {[%emt 00:07:12]} 46. Ra8 {[%clk
00:44:49]} {[%emt 00:01:09]} Kd7 {[%clk 00:18:04]} {[%emt 00:00:49]} 47. Ra7+
{[%clk 00:44:39]} {[%emt 00:00:40]} Kc6 {[%clk 00:17:47]} {[%emt 00:00:47]} 48.
Rg7 {[%clk 00:43:33]} {[%emt 00:01:34]} Rg1 {[%clk 00:18:00]} {[%emt 00:00:18]}
49. Rxg6 {[%clk 00:43:53]} {[%emt 00:00:10]} Kb5 {[%clk 00:17:03]} {[%emt
00:01:27]} 50. Rg8 {[%clk 00:42:35]} {[%emt 00:01:49]} Bb6 {[%clk 00:16:16]}
{[%emt 00:01:17]} 51. Rb8 {[%clk 00:41:59]} {[%emt 00:01:06]} Rxg3+ {[%clk
00:16:32]} {[%emt 00:00:14]} 52. Ke2 {[%clk 00:42:01]} {[%emt 00:00:27]} Rg4
{[%clk 00:16:24]} {[%emt 00:00:39]} 53. Rxb6+ {[%clk 00:42:24]} {[%emt
00:00:08]} Ka4 {[%clk 00:16:24]} {[%emt 00:00:30]} 54. Ra6+ {[%clk 00:39:33]}
{[%emt 00:03:21]} Kb5 {[%clk 00:16:22]} {[%emt 00:00:30]} 55. Ra5+ {[%clk
00:37:44]} {[%emt 00:02:20]} Kc6 {[%clk 00:15:30]} {[%emt 00:01:16]} 56. b5+
{[%clk 00:37:54]} {[%emt 00:00:27]} Kb7 {[%clk 00:15:33]} {[%emt 00:00:26]} 57.
Kf3 {[%clk 00:35:21]} {[%emt 00:03:04]} Rxh4 {[%clk 00:15:32]} {[%emt
00:00:30]} 58. b6 {[%clk 00:35:32]} {[%emt 00:00:19]} Rh3+ {[%clk 00:15:06]}
{[%emt 00:00:56]} 59. Kg2 {[%clk 00:35:47]} {[%emt 00:00:14]} Rb3 {[%clk
00:14:35]} {[%emt 00:01:01]} 60. Ra7+ {[%clk 00:36:12]} {[%emt 00:00:06]} Kb8
{[%clk 00:14:42]} {[%emt 00:00:24]} 61. Rh7 {[%clk 00:35:48]} {[%emt 00:00:52]}
Rb2+ {[%clk 00:14:26]} {[%emt 00:00:48]} 62. Kg3 {[%clk 00:34:34]} {[%emt
00:01:43]} Re2 {[%clk 00:14:14]} {[%emt 00:00:42]} 63. Nb4 {[%clk 00:34:25]}
{[%emt 00:00:38]} h4+ {[%clk 00:13:54]} {[%emt 00:00:50]} 64. Kf3 {[%clk
00:34:46]} {[%emt 00:00:09]} 1-0